000 00938nam a2200229 i 4500
001 126588
003 ES-MaACL
005 20230906192838.0
007 t|
008 070214s1966 sp r ||||1| spa d
100 1 _aRequena, Fermín.
_996291
245 1 0 _aAntequera bajo la casa de Aguilar
_b: (1472-1528) /
_cFermín Requena ; prólogo de Antonio Gallardo Pozo.
260 _aAntequeraCaja de Ahorros y Préstamos,
_c1966 (
_eSevilla :
_fTall. Tip. del Maestro F. Vera)
300 _a104 p., 4 lám. ;
_c20 cm.
490 1 _aPublicaciones de la Biblioteca Antequerana de la Caja de Ahorros y Préstamos de Antequera ;
_v6
651 4 _aAntequera-
_xHistoria.
_97784
700 1 _aGallardo Pozo, Antonio.
_9226512
830 0 _aPublicaciones de la Biblioteca Antequerana de la Caja de Ahorros y Préstamos de Antequera ;
_v6
_9219125
852 _aES-MaACL
_jC-31624
_bR.62278
942 _2udc
999 _c126588
_d126588